Aktivní práce s angažovaností zaměstnanců

Prečo sa majú profesionali HR zaoberať angažovanosťou. Meranie angažovanosti na pracovisku pomocou nástroja Thomas Engage.

Salvato in:
Dettagli Bibliografici
Natura: Capitolo di libro
Lingua:ceco
Soggetti:
Tags: Aggiungi Tag
Nessun Tag, puoi essere il primo ad aggiungerne!!

MARC

LEADER 00000naa a2200000 4500
001 0224364
005 20231113135223.2
041 0 |a cze 
044 |a CZ 
245 1 0 |a Aktivní práce s angažovaností zaměstnanců 
520 |a Prečo sa majú profesionali HR zaoberať angažovanosťou. Meranie angažovanosti na pracovisku pomocou nástroja Thomas Engage. 
610 2 0 |a firmy 
610 2 0 |a zamestnanci 
610 2 0 |a vzťah k práci 
610 2 0 |a záujem o prácu 
610 2 0 |a meranie 
610 2 0 |a riadenie ľudských zdrojov